000
00321nam a22001217a 4500
040
_c
HS
082
_a
001
100
_a
CHAHERUBE DAWSON
245
_a
introduction research methods a practical guide for anyone undertaking a research project
260
_a
British
_b
CHAHERUBE DAWSON
_c
2009
300
_a
166p;
942
_c
EK
999
_c
9669
_d
9669